000 00381 a2200145 4500
001 169317
020 _a
040 _cMagnum
100 _aAgencia Regional de Noticias
240 1 0 _aClipping em educacao - 10/04/00 a 16/04/00 - ano i - nº 34
_lpor
245 1 0 _aClipping em educacao - 10/04/00 a 16/04/00 - ano i - nº 34
362 0 _a1899
697 _aGERAL
942 _cBK
999 _c169317
_d169317